000 00966cam a2200217 a 4500
001 000008475
005 20200929161340.0
008 770311s1981 cr a 001 j spa
040 _aDO-SdBNP
_bspa
_cDLC
_dBNPHU
082 _aCa863.44
_bR437n, 1981
100 1 _aRetana, Marco,
_q(Marco Retana Padilla)
_d1938-1997
_922787
245 1 3 _aLa noche de los amadores :
_bcuentos /
_cMarco Retana.
250 _a2a ed.
260 _aSan José, (Costa Rica) :
_bCosta Rica,
_c1981.
300 _a132 :
_bil. ;
_c21 cm.
505 0 _aLa noche de los amadores -- Mamita Casimira -- El hombre que no amaneció -- María de Santos -- Y aquí, ?dónde? -- La vuelta de las cabezas -- Los chiquillos -- Sesenta días de Matute -- No se aceptan vagos -- Servidor de usted -- El gato de Chou Li -- Manuela la de las flores.
650 4 _aCuentros costarricenses
_922788
650 4 _aLiteratura costarricense
_ySIGLO XX
_922789
910 _aCatalogación derivada.
049 _aBNGR
999 _c8246
_d8246